[Event "San Rafael Cup Visually limited"]
[White "Zurita, Daniel Alberto"]
[Black "Marchelli, Ariel"]
[Site "San Rafael"]
[Round "5.1"]
[Result "0-1"]
[Date "2019.09.22"]
[WhiteElo "1752"]
[BlackElo "1661"]
[PlyCount "66"]
[EventDate "2019.09.20"]
[EventType "swiss"]
[EventRounds "5"]
[EventCountry "ARG"]
[SourceTitle "EXT 2024"]
[Source "ChessBase"]
[SourceDate "2023.10.10"]
[SourceVersion "1"]
[SourceVersionDate "2023.10.10"]
[SourceQuality "1"]

1. e4 Nc6 2. d3 e5 3. Nf3 h6 4. Nc3 Bb4 5. Bd2 Bxc3 6. Bxc3 d6 7. Be2 Bg4 8. h3 Bh5 9. g4 Bg6 10. Qd2 Qd7 11. 0-0-0 0-0-0 12. Qe3 f6 13. Nh4 Bf7 14. a3 Nd4 15. Bxd4 exd4 16. Qxd4 Kb8 17. f4 Ne7 18. Nf3 Nc6 19. Qc3 d5 20. Rh2 d4 21. Qd2 Qe6 22. b3 Qd6 23. e5 Qxa3+ 24. Kb1 Nb4 25. c4 dxc3 26. Qxc3 Qa2+ 27. Kc1 Bxb3 28. Bf1 Qa3+ 29. Qb2 Na2+ 30. Kb1 Qb4 31. Qxa2 Bxa2+ 32. Kxa2 Qa4+ 33. Kb2 Qxd1 0-1

[Event "San Rafael Cup Visually limited"]
[White "Zurita, Daniel Alberto"]
[Black "Grosso, Raul"]
[Site "San Rafael"]
[Round "3.2"]
[Result "0-1"]
[Date "2019.09.21"]
[WhiteElo "1752"]
[BlackElo "2054"]
[PlyCount "78"]
[EventDate "2019.09.20"]
[EventType "swiss"]
[EventRounds "5"]
[EventCountry "ARG"]
[SourceTitle "EXT 2024"]
[Source "ChessBase"]
[SourceDate "2023.10.10"]
[SourceVersion "1"]
[SourceVersionDate "2023.10.10"]
[SourceQuality "1"]

1. e4 c5 2. Nf3 g6 3. d3 Bg7 4. c3 Nc6 5. Be3 Nf6 6. Nbd2 d6 7. Be2 0-0 8. Nf1 b5 9. b3 a5 10. d4 Qb6 11. dxc5 dxc5 12. Qc2 Ng4 13. Rc1 Nxe3 14. Nxe3 e6 15. 0-0 Bb7 16. a4 Ba6 17. Rb1 Rfd8 18. Qc1 Rab8 19. Ng4 bxa4 20. Bxa6 Qxa6 21. bxa4 Rxb1 22. Qxb1 h5 23. Ne3 Bxc3 24. Qc2 Qd3 25. Qb3 Bb4 26. Qb2 Qc3 27. Qa2 Nd4 28. h3 Nxf3+ 29. gxf3 Rd2 30. Qc4 Qxc4 31. Nxc4 Rc2 32. Ne5 Bc3 33. Nc6 Ra2 34. Rc1 Bb4 35. Nxb4 cxb4 36. Rb1 Rxa4 37. Kg2 Ra3 38. Kg3 a4 39. Rd1 b3 0-1

[Event "San Rafael Cup Visually limited"]
[White "Zurita, Daniel Alberto"]
[Black "Miranda, Juan Javier"]
[Site "San Rafael"]
[Round "1.3"]
[Result "0-1"]
[Date "2019.09.20"]
[WhiteElo "1752"]
[BlackElo "1881"]
[PlyCount "58"]
[EventDate "2019.09.20"]
[EventType "swiss"]
[EventRounds "5"]
[EventCountry "ARG"]
[SourceTitle "EXT 2024"]
[Source "ChessBase"]
[SourceDate "2023.10.10"]
[SourceVersion "1"]
[SourceVersionDate "2023.10.10"]
[SourceQuality "1"]

1. e4 e5 2. Nf3 Nc6 3. Nc3 Nf6 4. Bb5 a6 5. Ba4 Be7 6. d3 0-0 7. a3 b5 8. Bb3 d6 9. Be3 Na5 10. Ba2 c5 11. Nd5 Be6 12. Qd2 Bxd5 13. Bxd5 Nxd5 14. exd5 Nb7 15. c4 bxc4 16. dxc4 f5 17. Ng5 Bxg5 18. Bxg5 Qe8 19. 0-0 f4 20. g3 h6 21. Bxf4 exf4 22. Rae1 Qh5 23. f3 fxg3 24. hxg3 Rxf3 25. Rxf3 Qxf3 26. Re2 Rf8 27. Rf2 Qxf2+ 28. Qxf2 Rxf2 29. Kxf2 Na5 0-1

[Event "Pan American IBCA-ch 7th"]
[White "Bautista Chiquillo, Leidy Johanna"]
[Black "Zurita, Daniel Alberto"]
[Site "San Luis"]
[Round "7.9"]
[Result "1-0"]
[Date "2018.11.07"]
[WhiteElo "1609"]
[BlackElo "1400"]
[PlyCount "47"]
[EventDate "2018.11.04"]
[EventType "swiss"]
[EventRounds "7"]
[EventCountry "ARG"]
[SourceTitle "EXT 2024"]
[Source "ChessBase"]
[SourceDate "2023.10.10"]
[SourceVersion "1"]
[SourceVersionDate "2023.10.10"]
[SourceQuality "1"]

1. b3 e5 2. Bb2 d6 3. e3 Nc6 4. Nf3 Nf6 5. Be2 Be7 6. c4 b6 7. d4 e4 8. Nfd2 d5 9. Nc3 Nb4 10. a3 Nc6 11. cxd5 Nxd5 12. Ncxe4 0-0 13. 0-0 Bf5 14. Rc1 Qd7 15. Bb5 Rad8 16. Qf3 Bg4 17. Qg3 f5 18. Bxc6 Qe6 19. Bxd5 Qxd5 20. Nc3 Qe6 21. Nb5 Bd6 22. Nxd6 Rxd6 23. Rxc7 Qh6 24. Rfc1 1-0

[Event "Pan American IBCA-ch 7th"]
[White "Zurita, Daniel Alberto"]
[Black "Figueroa Morales, Tomas"]
[Site "San Luis"]
[Round "1.1"]
[Result "0-1"]
[Date "2018.11.04"]
[WhiteElo "1400"]
[BlackElo "2105"]
[PlyCount "42"]
[EventDate "2018.11.04"]
[EventType "swiss"]
[EventRounds "7"]
[EventCountry "ARG"]
[SourceTitle "EXT 2024"]
[Source "ChessBase"]
[SourceDate "2023.10.10"]
[SourceVersion "1"]
[SourceVersionDate "2023.10.10"]
[SourceQuality "1"]

1. e4 e6 2. d4 d5 3. e5 c5 4. c3 Qb6 5. Nf3 Nc6 6. b3 cxd4 7. cxd4 Bb4+ 8. Bd2 Nxd4 9. Nxd4 Qxd4 10. Bxb4 Qxb4+ 11. Nd2 Bd7 12. Rc1 Ne7 13. Be2 0-0 14. 0-0 Rac8 15. Nf3 Bb5 16. Bxb5 Qxb5 17. Nd4 Qb6 18. Qd3 Rxc1 19. Rxc1 Rc8 20. Rc2 Rxc2 21. Qxc2 Qxd4 0-1

[Event "Concordia Gral Jose de San Martin"]
[White "Zurita, Daniel Alberto"]
[Black "Karlsen, Christian"]
[Site "Concordia"]
[Round "4"]
[Result "0-1"]
[Date "2017.08.20"]
[WhiteElo "1500"]
[BlackElo "1658"]
[PlyCount "32"]
[EventDate "2017.08.19"]
[EventType "swiss"]
[EventRounds "6"]
[EventCountry "ARG"]
[SourceTitle "EXT 2024"]
[Source "ChessBase"]
[SourceDate "2023.10.10"]
[SourceVersion "1"]
[SourceVersionDate "2023.10.10"]
[SourceQuality "1"]

1. e4 e6 2. d4 d5 3. e5 c5 4. c3 Nc6 5. Nf3 Qb6 6. b3 cxd4 7. cxd4 Bd7 8. Ba3 Bxa3 9. Nxa3 Qb4+ 10. Qd2 Qxa3 11. Be2 Nge7 12. Ng5 Qb4 13. Rd1 Nxd4 14. 0-0 Nxe2+ 15. Qxe2 Bb5 16. Qxb5+ Qxb5 0-1